000
00340 a2200157 4500
001
184832
020
_a
85-7344-466-5
040
_c
Magnum
100
_a
Twain, Mark
240
1
0
_a
Tom sawyer detetive
_l
por
245
1
0
_a
Tom sawyer detetive
300
_a
80
362
0
_a
2000
697
_a
LITERATURA JUVENIL ESTRANGEIRA
942
_c
BK
999
_c
184832
_d
184832